[Event "WJun"]
[Site "Nakhchivan AZE"]
[Date "2003.06.25"]
[Round "5"]
[White "Mahesh Chandran,P"]
[Black "Hanley,C"]
[Result "1-0"]
[WhiteElo "2419"]
[BlackElo "2375"]
[EventDate "2003.06.22"]

1. e4 e6 2. d4 d5 3. Nd2 Be7 4. Bd3 c5 5. dxc5 Nf6 6. Qe2 Nc6 7. Ngf3 Nb4
8. Nb3 Nxd3+ 9. cxd3 a5 10. Bg5 a4 11. Nbd2 h6 12. Bxf6 Bxf6 13. exd5 a3
14. Ne4 Bxb2 15. Nd6+ Kf8 16. O-O Bxa1 17. Rxa1 exd5 18. Rb1 Be6 19. Ne5
Kg8 20. d4 g5 21. Nexf7 Bxf7 22. Nxf7 Qe8 23. Qxe8+ Rxe8 24. Nxh8 Re2 25.
Ng6 Kg7 26. Ne5 Rxa2 27. Rxb7+ Kf6 28. g3 Rd2 29. Ra7 a2 30. Kg2 1-0

[Event "WJun"]
[Site "Nakhchivan AZE"]
[Date "2003.06.25"]
[Round "5"]
[White "Kuparadze,G"]
[Black "Werle,J"]
[Result "0-1"]
[WhiteElo "2227"]
[BlackElo "2404"]
[EventDate "2003.06.22"]

1. e4 c5 2. Nf3 d6 3. d4 cxd4 4. Nxd4 Nf6 5. Nc3 Nc6 6. Be2 e5 7. Nb3 Be7
8. O-O O-O 9. Kh1 a5 10. a4 Nb4 11. Bg5 Be6 12. Bxf6 Bxf6 13. Nb5 Qb6 14.
c3 Na6 15. Nd2 Qc6 16. c4 Nc5 17. f3 Bg5 18. Nb3 Be3 19. Ra3 Nxb3 20. Rxb3
Bc5 21. Rc3 Qd7 22. Bd3 Qe7 23. b3 g6 24. f4 exf4 25. Rxf4 Qg5 26. Qf3 Qe5
27. Qg3 f5 28. exf5 Bxf5 29. Rxf5 Rxf5 30. Bxf5 Qxf5 31. Rc1 Rf8 32. Qe1
Qe5 33. h3 Be3 34. Nxd6 Rf2 35. Rd1 Qg3 36. Qg1 Rd2 37. Qf1 Bf4 0-1

[Event "WJun"]
[Site "Nakhchivan AZE"]
[Date "2003.06.25"]
[Round "5"]
[White "Kozak,L"]
[Black "Erenburg,S"]
[Result "1/2-1/2"]
[WhiteElo "2178"]
[BlackElo "2499"]
[EventDate "2003.06.22"]

1. d4 d5 2. c4 e6 3. Nc3 Nf6 4. cxd5 exd5 5. Bg5 Be7 6. e3 c6 7. Bd3 Nbd7
8. Qc2 Nh5 9. Bxe7 Qxe7 10. O-O-O Nb6 11. h3 g6 12. Nf3 Be6 13. Kb1 Ng7 14.
Na4 Bf5 15. Nc5 Bxd3 16. Rxd3 Nf5 17. h4 Nd6 18. h5 g5 19. Rdd1 f6 20. Nd2
O-O 21. Rde1 Rae8 22. f3 Nbc4 23. Nxc4 Nxc4 24. e4 Qf7 25. Qf2 Re7 26. exd5
Rxe1+ 27. Rxe1 cxd5 28. b3 Nd6 29. g4 Re8 30. Nd3 a5 31. Rxe8+ Qxe8 32. Qe1
Qxe1+ 33. Nxe1 Nb5 34. Nc2 Nc3+ 35. Kc1 b5 36. a3 Ne2+ 37. Kd2 Nf4 38. Ne3
Kf7 39. Nf5 Ke6 40. Ng7+ Kd7 41. Nf5 Ne6 42. a4 bxa4 43. bxa4 Nc7 44. Ne3
Kd6 45. Kd3 Na8 46. Nd1 Nb6 47. Nb2 Kc6 48. Kc3 f5 49. Kb3 fxg4 50. fxg4
Kd6 51. Kc3 Ke6 52. Kb3 Kf6 1/2-1/2

[Event "WJun"]
[Site "Nakhchivan AZE"]
[Date "2003.06.25"]
[Round "5"]
[White "Kanep,M"]
[Black "Mamedov,Rau"]
[Result "1/2-1/2"]
[WhiteElo "2446"]
[BlackElo "2330"]
[EventDate "2003.06.22"]

1. c4 Nf6 2. Nc3 g6 3. Nf3 Bg7 4. g3 O-O 5. Bg2 d6 6. O-O e5 7. d3 h6 8.
Rb1 a5 9. a3 Nc6 10. b4 axb4 11. axb4 Be6 12. b5 Ne7 13. Bb2 Qd7 14. Ra1
Rab8 15. Re1 Bh3 16. Bh1 b6 17. Ra7 Ng4 18. Qb3 Kh8 19. Nd5 Nxd5 20. cxd5
Ra8 21. Rea1 Rxa7 22. Rxa7 f5 23. Qc4 Rf7 24. Qc6 Qe7 25. Ra8+ Rf8 26. Ra7
Rf7 27. Nd2 Kh7 28. Ra8 e4 29. Re8 Qg5 30. Qc1 exd3 31. exd3 Re7 32. Rxe7
Qxe7 33. Bxg7 Kxg7 34. Bg2 Bxg2 35. Kxg2 Qf7 36. Nf3 Nf6 37. Qc4 Nxd5 38.
Nd4 Kg8 39. Kg1 Nf6 40. Ne6 Ne8 1/2-1/2

[Event "WJun"]
[Site "Nakhchivan AZE"]
[Date "2003.06.25"]
[Round "5"]
[White "Deepan,C"]
[Black "Gashimov,S"]
[Result "1-0"]
[WhiteElo "2379"]
[BlackElo "2317"]
[EventDate "2003.06.22"]

1. Nf3 d5 2. g3 c6 3. Bg2 Bg4 4. O-O Nd7 5. d3 Ngf6 6. Nbd2 e5 7. e4 Bd6 8.
c3 O-O 9. Qc2 Re8 10. Re1 Qc7 11. h3 Bh5 12. Nh4 Rad8 13. Nf1 dxe4 14. dxe4
a5 15. Bg5 Be7 16. Nf5 h6 17. Bh4 Kh8 18. g4 Bg6 19. Nxe7 Rxe7 20. Rad1 Re6
21. Qd2 Rde8 22. Ng3 Nb6 23. g5 hxg5 24. Bxg5 Nc8 25. Qe2 Nh7 26. Bc1 Qe7
27. Qg4 Rd6 28. h4 Rxd1 29. Rxd1 Nd6 30. h5 Nf6 31. Qh4 Bxe4 32. Nxe4 Nfxe4
33. Qxe7 Rxe7 34. Be3 Re6 35. Bb6 Ng5 36. Bxa5 e4 37. Bb4 Nf5 38. Rd7 b5
39. b3 e3 40. fxe3 Rxe3 41. Bxc6 Re2 42. Rd3 Rxa2 43. Bxb5 Nh4 44. Bc6 f6
45. Bc5 Kh7 46. b4 Ne6 47. Bd6 Kh6 48. b5 Rb2 49. c4 f5 50. c5 f4 51. b6 f3
52. Bxf3 Nd4 53. Bf4+ g5 54. hxg6 Kxg6 55. Be4+ Nhf5 56. Rxd4 1-0

[Event "WJun"]
[Site "Nakhchivan AZE"]
[Date "2003.06.25"]
[Round "5"]
[White "Geirnaert,S"]
[Black "Pacheco,M"]
[Result "0-1"]
[WhiteElo "2289"]
[BlackElo "2349"]
[EventDate "2003.06.22"]

1. e4 e6 2. d4 d5 3. e5 c5 4. c3 Nc6 5. Nf3 Qb6 6. a3 c4 7. Nbd2 Na5 8. g3
Bd7 9. h4 f5 10. exf6 gxf6 11. Ne5 fxe5 12. Qh5+ Ke7 13. Qg5+ Kf7 14. Qh5+
Ke7 15. Qg5+ Kf7 16. Nf3 Bg7 17. Be2 Nc6 18. Nxe5+ Nxe5 19. dxe5 Ne7 20.
Bh5+ Ng6 21. O-O Be8 22. Be3 Qd8 23. Qg4 Qd7 24. f4 Kg8 25. Bd4 Ne7 26.
Bxe8 Rxe8 27. h5 h6 28. Bxa7 Kh7 29. Qe2 Rhg8 30. g4 Bf8 31. Kh1 Nc6 32.
Bb6 Qe7 33. Bf2 Kh8 34. Rg1 Qh7 35. Rad1 Qe4+ 36. Qxe4 dxe4 37. Kh2 Be7 38.
Bb6 Bd8 39. Bf2 Bc7 40. Bh4 Bd8 41. Bf2 Ne7 42. Rde1 e3 43. Rxe3 Ref8 44.
Re4 Nd5 45. Kg3 b5 46. Kf3 Rg7 47. Bc5 Rgf7 48. Kg3 Bc7 49. Rf1 Kh7 50. Bd6
Bb6 51. a4 Ne3 52. Rxe3 Bxe3 53. axb5 Rb7 0-1

[Event "WJun"]
[Site "Nakhchivan AZE"]
[Date "2003.06.25"]
[Round "5"]
[White "Gupta,A"]
[Black "Arun Prasad,S"]
[Result "0-1"]
[WhiteElo "2335"]
[BlackElo "2275"]
[EventDate "2003.06.22"]

1. d4 d5 2. c4 e6 3. Nc3 Nf6 4. Bg5 Be7 5. e3 O-O 6. Nf3 h6 7. Bh4 b6 8.
Bd3 Bb7 9. O-O Nbd7 10. Qe2 c5 11. Bg3 a6 12. cxd5 Nxd5 13. Rad1 Nxc3 14.
bxc3 cxd4 15. cxd4 b5 16. e4 Qb6 17. Bb1 Rfe8 18. Kh1 a5 19. Ne5 Nxe5 20.
Bxe5 Bf8 21. Qg4 Qd8 22. Rd3 Qg5 23. Qh3 Rac8 24. f4 Qe7 25. d5 f6 26. Ba1
exd5 27. e5 d4 28. Rxd4 Red8 29. Rxd8 Rxd8 30. Qf5 Rd2 31. Rg1 Qc5 32. Qh7+
Kf7 33. Qg6+ Kg8 34. h3 Qe3 35. Qf5 Bc5 36. Bd4 Qxd4 37. Qh7+ Kf8 38. Qh8+
Ke7 39. exf6+ Kxf6 0-1

[Event "WJun"]
[Site "Nakhchivan AZE"]
[Date "2003.06.25"]
[Round "5"]
[White "Wang,H"]
[Black "Bachin,V"]
[Result "0-1"]
[WhiteElo "2226"]
[BlackElo "2443"]
[EventDate "2003.06.22"]

1. e4 c6 2. d4 d5 3. exd5 cxd5 4. Bd3 Nc6 5. c3 Nf6 6. Bg5 h6 7. Bh4 Bd7 8.
Nf3 e6 9. Nbd2 Bd6 10. Bg3 Bxg3 11. hxg3 Rc8 12. Ne5 Qb6 13. Rb1 Nxe5 14.
dxe5 Ng8 15. Qg4 Kf8 16. Nf3 Bb5 17. Qb4+ Rc5 18. Bxb5 Qxb5 19. Qxb5 Rxb5
20. b4 Rb6 21. b5 Ne7 22. Ke2 f6 23. a4 fxe5 24. Nxe5 Rd6 25. Rhd1 g5 26.
c4 b6 27. a5 Kg7 28. axb6 axb6 29. Ra1 Nc8 30. cxd5 exd5 31. Kd3 Rf8 32. f3
Re6 33. Kd4 Rfe8 34. f4 Nd6 35. Kxd5 Nxb5 36. Rdc1 Rd6+ 37. Ke4 Rf6 38.
Rab1 Nd6+ 39. Kd5 Nf5 40. Rc7+ Kg8 41. Rb3 Rd6+ 42. Ke4 Ng7 43. Ra3 Ne6 44.
Rc2 Rd4+ 45. Kf5 Ng7+ 46. Kg4 Rxe5 47. Ra8+ Kh7 48. Rb8 gxf4 49. gxf4 Re3
50. g3 Rdd3 51. Rg2 Rb3 52. Rb7 Kg6 53. Rd7 Nf5 54. Kh3 Rxg3+ 55. Rxg3+
Rxg3+ 56. Kh2 Rb3 0-1

[Event "WJun"]
[Site "Nakhchivan AZE"]
[Date "2003.06.25"]
[Round "5"]
[White "Esplana,C"]
[Black "Jatautis,D"]
[Result "1-0"]
[WhiteElo "2367"]
[BlackElo "2149"]
[EventDate "2003.06.22"]

1. e4 g6 2. d4 Bg7 3. Nc3 d6 4. f4 Nf6 5. Nf3 c5 6. dxc5 Qa5 7. Bd3 Qxc5 8.
Qe2 O-O 9. Be3 Qa5 10. O-O Nc6 11. Rad1 Bg4 12. Bc4 Rac8 13. Bb3 Nd7 14.
Bd2 Qh5 15. Be3 Qa5 16. Qe1 Nc5 17. Bd2 Nxb3 18. axb3 Nd4 19. Rc1 Nxf3+ 20.
gxf3 Bh3 21. Rf2 Bd4 22. Be3 Bxc3 23. bxc3 Qxc3 24. Bxa7 Qxe1+ 25. Rxe1 Rc6
26. Ra1 Ra8 27. c4 b6 28. Ra6 Bd7 29. Rd2 Kf8 30. Kf2 Ke8 31. Ke3 Bc8 32.
Rxb6 Rc7 33. Bb8 Rd7 1-0

[Event "WJun"]
[Site "Nakhchivan AZE"]
[Date "2003.06.25"]
[Round "5"]
[White "Agayev,N"]
[Black "Rohit,G"]
[Result "1/2-1/2"]
[WhiteElo "2116"]
[BlackElo "2357"]
[EventDate "2003.06.22"]

1. Nf3 Nf6 2. g3 g6 3. b3 Bg7 4. Bb2 d6 5. d4 O-O 6. Bg2 Re8 7. O-O c6 8.
Nbd2 Bg4 9. h3 Bxf3 10. Nxf3 Nbd7 11. Re1 Qc7 12. e4 e5 13. dxe5 dxe5 14.
Qe2 Bf8 15. Rad1 b5 16. Nh2 Bc5 17. Ng4 Nxg4 18. Qxg4 Nf8 19. Rd3 Qa5 20.
Ra1 Ba3 21. Bc3 b4 22. Bd2 Rad8 23. Rxd8 Qxd8 24. Rd1 Qe7 25. Be3 Ne6 26.
Bf1 h5 27. Qf3 Bb2 28. Bc4 Nd4 29. Bxd4 Bxd4 30. h4 Kg7 31. Kg2 Rf8 32. Qe2
Qc5 33. Rd3 Qa5 34. Rd2 1/2-1/2

[Event "WJun"]
[Site "Nakhchivan AZE"]
[Date "2003.06.25"]
[Round "5"]
[White "Murariu,A"]
[Black "Safarli,E"]
[Result "1-0"]
[WhiteElo "2347"]
[BlackElo "2201"]
[EventDate "2003.06.22"]

1. e4 c5 2. Nf3 e6 3. d4 cxd4 4. Nxd4 Nf6 5. Nc3 d6 6. g4 h6 7. Rg1 Nc6 8.
h4 h5 9. gxh5 Nxh5 10. Bg5 Nf6 11. Qd2 Qb6 12. Nb3 a6 13. O-O-O Qc7 14. Rg3
Bd7 15. Bg2 Be7 16. f4 O-O-O 17. Qf2 Kb8 18. Kb1 Bc8 19. Rgd3 Ng8 20. f5
Ne5 21. Rg3 Bf6 22. Bf1 Bd7 23. Bxf6 gxf6 24. Rg7 Rf8 25. Bh3 Ne7 26. Nd4
exf5 27. Bxf5 Rh6 28. Bxd7 Qxd7 29. Nf5 Nxf5 30. exf5 Rfh8 31. Rd4 Rh5 32.
Rf4 Qc6 33. a3 Qc5 34. Qg3 d5 35. Rb4 Rc8 36. Rxf7 d4 37. Rbxb7+ Ka8 38.
Qg2 Nc6 39. Na4 Qa5 40. Ra7+ 1-0

[Event "WJun"]
[Site "Nakhchivan AZE"]
[Date "2003.06.25"]
[Round "5"]
[White "Allemann,A"]
[Black "Monroy,C"]
[Result "0-1"]
[WhiteElo "2254"]
[BlackElo "2294"]
[EventDate "2003.06.22"]

1. e4 Nf6 2. Nc3 d5 3. e5 Ne4 4. Nce2 d4 5. c3 dxc3 6. bxc3 Nc5 7. d4 Nca6
8. Nf4 e6 9. Nf3 c5 10. Bd3 cxd4 11. cxd4 Nb4 12. Be4 N8a6 13. O-O Nc7 14.
Nh5 h6 15. Ne1 Nbd5 16. Bd2 g6 17. Ng3 Bd7 18. Nf3 Bc6 19. h4 Be7 20. h5 g5
21. Rb1 Qd7 22. Bd3 O-O-O 23. Ne4 Kb8 24. Qb3 Rhg8 25. Rfc1 Nf4 26. Bxf4
gxf4 27. Qc2 Ka8 28. Qd2 Nd5 29. Qb2 Nb4 30. Qd2 Nxd3 31. Qxd3 Rg4 32. Nh2
Rg7 33. Nf3 Qd5 34. Re1 Rdg8 35. g3 fxg3 36. fxg3 Rg4 37. Ned2 Rxg3+ 38.
Kf2 Bh4 39. Ne4 Qxa2+ 40. Re2 Rg2+ 41. Ke3 Rxe2+ 42. Qxe2 Qxb1 0-1

[Event "WJun"]
[Site "Nakhchivan AZE"]
[Date "2003.06.25"]
[Round "5"]
[White "Olsson,L"]
[Black "Baladjaev,G"]
[Result "1-0"]
[WhiteElo "2252"]
[BlackElo "2177"]
[EventDate "2003.06.22"]

1. d4 Nf6 2. c4 g6 3. Nc3 Bg7 4. e4 d6 5. Nf3 O-O 6. Be2 e5 7. O-O Nc6 8.
d5 Ne7 9. Ne1 Nd7 10. Be3 f5 11. f3 f4 12. Bf2 g5 13. a4 Ng6 14. a5 Nf6 15.
c5 Ne8 16. cxd6 Nxd6 17. Nd3 Kh8 18. a6 b6 19. Nb4 Ne7 20. Qc2 Bd7 21. Rfc1
Rc8 22. Ra3 Qe8 23. Nb1 c5 24. dxc6 Nxc6 25. Nxc6 Rxc6 26. Rc3 Rxc3 27.
Nxc3 Nb5 28. Nxb5 Bxb5 29. Kf1 Bxe2+ 30. Qxe2 Qd7 31. Qc4 g4 32. Ke2 Rd8
33. Qd5 Qe7 34. Qb3 Bh6 35. Rd1 Rg8 36. Qd5 g3 37. hxg3 fxg3 38. Be1 Bf4
39. Bc3 Qf6 40. Qd6 Qg5 41. Qc7 Qh5 42. Qe7 Qg5 43. Qxa7 Qf6 44. Qc7 Qe6
45. a7 Qe8 46. Rd7 Qh5 47. Rd8 1-0

[Event "WJun"]
[Site "Nakhchivan AZE"]
[Date "2003.06.25"]
[Round "5"]
[White "Agaragimov,D"]
[Black "Masse,H"]
[Result "1/2-1/2"]
[WhiteElo "2252"]
[BlackElo "2120"]
[EventDate "2003.06.22"]

1. Nf3 d5 2. b3 Nf6 3. Bb2 e6 4. e3 Be7 5. Be2 O-O 6. O-O c5 7. Ne5 Nfd7 8.
f4 f6 9. Nxd7 Bxd7 10. d3 Nc6 11. Nd2 Be8 12. Kh1 Bf7 13. Rf3 e5 14. f5 Rc8
15. Rg3 b5 16. Bh5 Bxh5 17. Qxh5 Qe8 18. Qg4 Qf7 19. Nf3 c4 20. dxc4 dxc4
21. bxc4 bxc4 22. a3 Rfd8 23. Bc3 Bf8 24. Nd2 Ne7 25. Ne4 Nd5 26. Qe2 Kh8
27. h3 Ne7 28. Rf1 Nd5 29. Ra1 Ne7 30. Qg4 Nd5 31. Rf3 Be7 32. Qh4 Qf8 33.
a4 Bb4 34. Be1 Bxe1 35. Qxe1 Nb4 36. Rf2 a5 37. Rd1 Rxd1 38. Qxd1 Rd8 39.
Rd2 Rxd2 40. Qxd2 h6 41. Kh2 Kh7 42. c3 Nd3 43. Qa2 Qf7 44. Nd2 Qd7 45.
Qxc4 Qxf5 46. Ne4 Nb2 47. Qd5 Nxa4 48. Ng3 Nxc3 49. Qxa5 Qd3 50. Qa7 Qg6
51. Qb7 Nd1 52. Qb3 Nf2 53. Qc4 Nd3 54. Qc3 Kg8 55. Qc4+ Kh7 56. Qc3 Nf2
57. Qc4 Nd3 58. Qc2 1/2-1/2

[Event "WJun"]
[Site "Nakhchivan AZE"]
[Date "2003.06.25"]
[Round "6"]
[White "Zubov,A UKR"]
[Black "Ganguly,S"]
[Result "1/2-1/2"]
[WhiteElo "2494"]
[BlackElo "2542"]
[EventDate "2003.06.22"]

1. d4 d5 2. c4 dxc4 3. Nf3 Nf6 4. e3 e6 5. Bxc4 c5 6. O-O a6 7. dxc5 Qxd1
8. Rxd1 Bxc5 9. b3 b6 10. Bb2 Bb7 11. Nbd2 Nbd7 12. Be2 O-O 13. Nc4 Rfd8
14. Bd4 b5 15. Na5 Bd5 16. Bxc5 Nxc5 17. Nd4 Rac8 18. f3 Nb7 19. Nxb7
1/2-1/2

[Event "WJun"]
[Site "Nakhchivan AZE"]
[Date "2003.06.25"]
[Round "6"]
[White "Kritz,L"]
[Black "Guseinov,K"]
[Result "0-1"]
[WhiteElo "2468"]
[BlackElo "2505"]
[EventDate "2003.06.22"]

1. e4 c5 2. Nf3 d6 3. d4 cxd4 4. Nxd4 Nf6 5. Nc3 Nc6 6. f3 g6 7. Be3 Bg7 8.
Qd2 O-O 9. Bc4 Bd7 10. O-O-O Rc8 11. Bb3 Nxd4 12. Bxd4 b5 13. Nd5 Nxd5 14.
Bxg7 Kxg7 15. exd5 a5 16. a3 b4 17. axb4 axb4 18. Qxb4 Kg8 19. Kd2 e5 20.
Ke2 e4 21. Rd4 Qg5 22. g3 exf3+ 23. Kxf3 Rfe8 24. Rd2 Bf5 25. Rhd1 Qe3+ 26.
Kg2 Be4+ 27. Kf1 Qf3+ 0-1

[Event "WJun"]
[Site "Nakhchivan AZE"]
[Date "2003.06.25"]
[Round "6"]
[White "Izoria,Z"]
[Black "Dziuba,M"]
[Result "1-0"]
[WhiteElo "2569"]
[BlackElo "2450"]
[EventDate "2003.06.22"]

1. d4 d5 2. c4 c6 3. Nf3 Nf6 4. e3 Bf5 5. Nc3 e6 6. Nh4 Bg6 7. Qb3 Qc7 8.
Nxg6 hxg6 9. g3 Nbd7 10. Bd2 Nb6 11. cxd5 exd5 12. Rd1 Be7 13. Bg2 Rd8 14.
O-O O-O 15. Bc1 Rfe8 16. f3 c5 17. Nb5 Qd7 18. Nxa7 Nc4 19. Nb5 Na5 20. Qa4
Ra8 21. Nc3 Nc6 22. Qc2 cxd4 23. exd4 Nxd4 24. Rxd4 Bc5 25. Qd1 b5 26. Kh1
b4 27. Rxd5 Nxd5 28. Nxd5 Red8 29. f4 Rxa2 30. f5 Ra1 31. fxg6 fxg6 32. Qc2
Qd6 33. Qc4 Kh7 34. h3 Rf8 35. Qh4+ Kg8 36. Ne7+ Qxe7 37. Bd5+ Rf7 38. Qxe7
1-0

[Event "WJun"]
[Site "Nakhchivan AZE"]
[Date "2003.06.25"]
[Round "6"]
[White "Mahesh Chandran,P"]
[Black "Gashimov,V"]
[Result "0-1"]
[WhiteElo "2419"]
[BlackElo "2579"]
[EventDate "2003.06.22"]

1. e4 c5 2. Nf3 d6 3. d4 cxd4 4. Nxd4 Nf6 5. Nc3 g6 6. Be3 Bg7 7. f3 O-O 8.
Qd2 Nc6 9. O-O-O d5 10. Qe1 e5 11. Nxc6 bxc6 12. exd5 Nxd5 13. Bc4 Be6 14.
Ne4 Qc7 15. Bc5 Rfd8 16. g4 Nf4 17. Qc3 Bd5 18. g5 Ne6 19. Be3 Nd4 20. Kb1
Bxc4 21. Qxc4 Nxf3 22. Rdf1 Nd4 23. h4 Qe7 24. h5 Qe6 25. Qc3 Rab8 26. Bc1
Ne2 27. Qe1 Qc4 28. hxg6 Qxe4 29. gxf7+ Kf8 30. Rf2 Rd1 31. Qa5 Rxb2+ 32.
Kxb2 Qd4+ 33. c3 Nxc3 34. Kb3 Qxf2 35. Ba3+ Kxf7 36. Qc7+ Kg8 37. Rxd1 Nxd1
38. Qd8+ Bf8 0-1

[Event "WJun"]
[Site "Nakhchivan AZE"]
[Date "2003.06.25"]
[Round "6"]
[White "Azarov,S"]
[Black "Deepan,C"]
[Result "1-0"]
[WhiteElo "2530"]
[BlackElo "2379"]
[EventDate "2003.06.22"]

1. e4 c5 2. Nf3 Nc6 3. d4 cxd4 4. Nxd4 Nf6 5. Nc3 e5 6. Ndb5 d6 7. Bg5 a6
8. Na3 b5 9. Bxf6 gxf6 10. Nd5 f5 11. c3 Bg7 12. exf5 Bxf5 13. Nc2 O-O 14.
Nce3 Bg6 15. h4 Be4 16. h5 Qg5 17. Be2 h6 18. Rh3 Kh8 19. Rg3 Qd8 20. Bd3
Bxd5 21. Nxd5 f5 22. Kf1 Ne7 23. Bc2 Rc8 24. Kg1 Rc5 25. Bb3 Nxd5 26. Bxd5
e4 27. Rg6 Rf6 28. a4 bxa4 29. Rxa4 a5 30. Qb3 Qe8 31. c4 e3 32. fxe3 f4
33. e4 Rxg6 34. hxg6 Bd4+ 35. Kf1 Qxg6 36. Qb8+ Kh7 37. b4 f3 38. Qg8+ Qxg8
39. Bxg8+ Kxg8 40. bxc5 fxg2+ 41. Kxg2 Bxc5 42. Rxa5 Kf7 43. Kf3 Ke6 44.
Kf4 h5 45. Ra2 Bd4 46. Rd2 Bf6 47. Rd5 h4 48. Kg4 Be7 49. Rb5 Bf6 50. Rh5
Be7 51. Kf4 Bf6 52. Rh6 1-0

[Event "WJun"]
[Site "Nakhchivan AZE"]
[Date "2003.06.25"]
[Round "6"]
[White "Arun Prasad,S"]
[Black "Pantsulaia,L"]
[Result "1/2-1/2"]
[WhiteElo "2275"]
[BlackElo "2465"]
[EventDate "2003.06.22"]

1. Nf3 c5 2. b3 b6 3. Bb2 Bb7 4. e3 Nf6 5. c4 e6 6. d4 cxd4 7. exd4 Be7 8.
Bd3 O-O 9. O-O d5 10. Nbd2 Nbd7 11. Qe2 Rc8 12. Rac1 g6 13. Rfd1 Rc7 14.
Ne5 Nh5 15. g3 dxc4 16. bxc4 Bg5 17. Rc2 Nxe5 18. dxe5 Bxd2 19. Rdxd2 Qg5
20. h4 Qe7 21. Be4 Ba6 22. Qe3 Rfc8 23. Ba3 Qe8 24. c5 bxc5 25. Rxc5 Rxc5
26. Bxc5 Qb5 27. Bd6 Bb7 28. Kh2 Ng7 29. Bxb7 Qxb7 30. Qb3 Qe4 31. Qd3 Qa4
32. Be7 Qc6 33. Qd7 Qa8 34. Bf6 h6 35. Rb2 Rb8 36. Rc2 Qf3 37. Rc8+ Kh7 38.
Rxb8 Qxf2+ 1/2-1/2

[Event "WJun"]
[Site "Nakhchivan AZE"]
[Date "2003.06.25"]
[Round "6"]
[White "Schneider,Dm"]
[Black "Pacheco,M"]
[Result "1-0"]
[WhiteElo "2424"]
[BlackElo "2349"]
[EventDate "2003.06.22"]

1. e4 e6 2. d4 d5 3. Nc3 Bb4 4. e5 c5 5. Bd2 Ne7 6. Nb5 Bxd2+ 7. Qxd2 O-O
8. f4 Qb6 9. c3 Bd7 10. dxc5 Qxc5 11. Nd4 Nbc6 12. Ngf3 Nxd4 13. cxd4 Qb6
14. a4 a5 15. Bd3 Nc6 16. O-O Nxd4 17. Bxh7+ Kxh7 18. Nxd4 g6 19. Ra3 Rh8
20. Rb3 Qa7 21. Rc3 Rac8 22. Rfc1 Qb6 23. Rxc8 Bxc8 24. Rc3 Bd7 25. b3 Kg7
26. g3 Qb4 27. Qd3 b5 28. Rc7 Rd8 29. axb5 a4 30. bxa4 Qxa4 31. Kg2 Qa2+
32. Rc2 Qb1 33. Rc3 Qb2+ 34. Qc2 Qb4 35. Nc6 Bxc6 36. bxc6 d4 37. c7 Rc8
38. Rc4 Qb7+ 39. Kg1 d3 40. Qxd3 Rxc7 41. Rxc7 Qxc7 42. h4 Qc1+ 43. Kg2
Qb2+ 44. Kf3 Qh2 45. Kg4 Kh6 46. Qe3 Kg7 47. Kg5 Qc2 48. Kg4 Qh2 49. Qd3
Kh6 50. Qe4 Qf2 51. Qf3 Qh2 52. Qd1 Qg2 53. Qc1 Qe2+ 54. Kh3 Kg7 55. Qh1
Qf2 56. Qg2 Qe3 57. Kh2 Kh7 58. Qc2 Qf3 59. Qd2 Kg7 60. Qg2 Qe3 61. Qc2 Qf3
62. Kh3 Kh6 63. Qg2 Qe3 64. Qh2 Qf3 65. Qc2 Kh5 66. Qg2 Qe3 67. Qf1 Kh6 68.
Kg2 Qd2+ 69. Qf2 Qd1 70. Qf3 Qe1 71. Kh3 Qg1 72. g4 Kg7 73. f5 exf5 74.
gxf5 Qd4 75. fxg6 fxg6 76. e6 Qe5 77. Qf7+ Kh8 78. Qf8+ Kh7 79. Qf7+ Kh6
80. Kg4 Qe2+ 81. Kg3 Qe1+ 82. Kg4 Qe2+ 83. Kf4 Qh2+ 84. Ke3 Qe5+ 85. Kf3
Qd5+ 86. Kg3 Qd6+ 87. Qf4+ 1-0

[Event "WJun"]
[Site "Nakhchivan AZE"]
[Date "2003.06.25"]
[Round "6"]
[White "Erenburg,S"]
[Black "Murariu,A"]
[Result "1/2-1/2"]
[WhiteElo "2499"]
[BlackElo "2347"]
[EventDate "2003.06.22"]

1. e4 c5 2. Nf3 d6 3. c3 Nf6 4. Be2 g6 5. O-O Bg7 6. Bb5+ Bd7 7. Bxd7+
Nfxd7 8. d4 O-O 9. Be3 Nc6 10. Nbd2 b5 11. Qe2 b4 12. d5 Na5 13. cxb4 cxb4
14. Nd4 Nc5 15. Rac1 Qd7 16. b3 Qb7 17. f3 f5 18. Kh1 Rac8 19. Rfe1 Rf7 20.
Nc4 Nxc4 21. Qxc4 fxe4 22. fxe4 Rcf8 23. Nc6 Bc3 24. Red1 Nd7 25. Bxa7 Ne5
26. Nxe5 Bxe5 27. Be3 Bf4 28. Bxf4 Rxf4 29. h3 Qb6 30. Rd4 Rf2 31. Qxb4 Qa6
32. Rd2 Rf1+ 33. Rxf1 Qxf1+ 34. Kh2 Qf4+ 35. Kh1 Qf1+ 36. Kh2 Qf4+ 37. g3
Qe3 38. Rg2 Rf2 39. Qb5 Qf3 40. Qe8+ Kg7 41. Qxe7+ Kh6 42. Qh4+ Kg7 43.
Qe7+ 1/2-1/2

[Event "WJun"]
[Site "Nakhchivan AZE"]
[Date "2003.06.25"]
[Round "6"]
[White "Monroy,C"]
[Black "Kanep,M"]
[Result "0-1"]
[WhiteElo "2294"]
[BlackElo "2446"]
[EventDate "2003.06.22"]

1. e4 c5 2. Nf3 d6 3. d4 cxd4 4. Nxd4 Nf6 5. Nc3 a6 6. Be3 e6 7. f3 Nbd7 8.
g4 h6 9. h4 b5 10. Rg1 b4 11. Na4 Qa5 12. b3 g5 13. hxg5 hxg5 14. Qd2 d5
15. Bd3 Bb7 16. O-O-O Bg7 17. a3 Qc7 18. axb4 dxe4 19. Bc4 Rh2 20. Rg2 Rxg2
21. Qxg2 exf3 22. Qg1 Rc8 23. b5 Nd5 24. bxa6 Bxa6 25. Nb2 Qa5 26. Bxd5
Qa1+ 27. Kd2 Qxb2 28. Be4 Qc3+ 29. Kc1 Nc5 0-1

[Event "WJun"]
[Site "Nakhchivan AZE"]
[Date "2003.06.25"]
[Round "6"]
[White "Bachin,V"]
[Black "Olsson,L"]
[Result "1-0"]
[WhiteElo "2443"]
[BlackElo "2252"]
[EventDate "2003.06.22"]

1. e4 c5 2. Nc3 e6 3. Nge2 Nc6 4. g3 Nf6 5. Bg2 Be7 6. O-O O-O 7. d4 cxd4
8. Nxd4 d6 9. Be3 Bd7 10. h3 Nxd4 11. Qxd4 Bc6 12. g4 h6 13. f4 Nd7 14. Kh1
Qc7 15. Rad1 b5 16. Ne2 Bb7 17. Ng3 Qc4 18. Qd2 Rfc8 19. c3 Nf6 20. Bd4
Qxa2 21. Qf2 Nd7 22. Nh5 Bf8 23. g5 hxg5 24. Bxg7 Bxg7 25. Rxd6 Nf8 26.
fxg5 Rc7 27. Nf6+ Bxf6 28. gxf6 Ng6 29. Qd2 Kh7 30. Qg5 Rc5 31. Qxc5 e5 32.
Qc7 Ba6 33. Qc6 Rg8 34. Qxa6 Qxb2 35. Qa1 1-0

[Event "WJun"]
[Site "Nakhchivan AZE"]
[Date "2003.06.25"]
[Round "6"]
[White "Jirka,J"]
[Black "Kuparadze,G"]
[Result "0-1"]
[WhiteElo "2394"]
[BlackElo "2227"]
[EventDate "2003.06.22"]

1. d4 Nf6 2. c4 e6 3. g3 d5 4. Nf3 Be7 5. Bg2 O-O 6. O-O b6 7. cxd5 exd5 8.
Nc3 Bb7 9. Bf4 a6 10. Qc2 Nc6 11. Rac1 h6 12. Rfd1 Bd6 13. Be5 Be7 14. Nh4
Na5 15. Nf5 c6 16. Na4 b5 17. Nb6 Ra7 18. Nxe7+ Qxe7 19. Bxf6 gxf6 20. b3
Ba8 21. Qd2 Qd8 22. Qxa5 Rb7 23. Rxc6 Rb8 24. Rdc1 Re8 25. Qxa6 Rxe2 26. a4
Re1+ 27. Bf1 bxa4 28. bxa4 Kg7 29. a5 Qe8 0-1

[Event "WJun"]
[Site "Nakhchivan AZE"]
[Date "2003.06.25"]
[Round "6"]
[White "Hanley,C"]
[Black "Kozak,L"]
[Result "0-1"]
[WhiteElo "2375"]
[BlackElo "2178"]
[EventDate "2003.06.22"]

1. e4 e5 2. Nf3 Nc6 3. Bb5 a6 4. Ba4 Nf6 5. O-O Be7 6. Re1 b5 7. Bb3 d6 8.
c3 O-O 9. h3 Nb8 10. d4 Nbd7 11. Nbd2 Bb7 12. Bc2 Re8 13. b3 Bf8 14. d5 c6
15. c4 g6 16. Rb1 b4 17. a3 a5 18. Nf1 Nc5 19. Ng3 Nfd7 20. Nh2 cxd5 21.
cxd5 bxa3 22. Ng4 Qe7 23. Ra1 Ra7 24. Rxa3 Rea8 25. Nh6+ Kh8 26. Bg5 f6 27.
Be3 Bc8 28. Qd2 Nb6 29. Ng4 a4 30. Bxc5 dxc5 31. Ra2 Bxg4 32. hxg4 axb3 33.
Bxb3 c4 34. Rxa7 Qxa7 35. Bc2 Bc5 36. Rb1 Nc8 37. Kf1 Nd6 38. Bd1 Qa2 39.
Bc2 Bd4 40. Qe2 Kg7 41. Qd1 Qa7 42. Qd2 Qc5 43. g5 Rf8 44. f3 Qa3 45. gxf6+
Rxf6 46. Qe2 Ba7 47. Nh1 Rf7 48. Nf2 Qc5 49. g3 Nb5 50. Rxb5 Qxb5 51. Ng4
Qc5 52. Qg2 Qd4 53. Ke2 Rb7 54. f4 Rb2 55. Ke1 exf4 56. gxf4 Ra2 0-1

[Event "WJun"]
[Site "Nakhchivan AZE"]
[Date "2003.06.25"]
[Round "6"]
[White "Mamedov,Rau"]
[Black "Esplana,C"]
[Result "1-0"]
[WhiteElo "2330"]
[BlackElo "2367"]
[EventDate "2003.06.22"]

1. e4 c5 2. Nf3 e6 3. d4 cxd4 4. Nxd4 a6 5. Bd3 Nf6 6. O-O Qc7 7. Nc3 Nc6
8. Be3 Ne5 9. Nf3 d6 10. Na4 Ned7 11. c4 Be7 12. Rc1 b6 13. b4 O-O 14. Re1
Bb7 15. Bd4 Ng4 16. Bb1 Rac8 17. a3 Rfd8 18. Nd2 Nge5 19. f4 Nc6 20. Bf2
Ba8 21. Qb3 Re8 22. Red1 Qb8 23. Qe3 Bd8 24. Qd3 Nf8 25. Nf3 Bc7 26. Qe3 d5
27. e5 b5 28. cxb5 Qxb5 29. Nc5 Qb6 30. Qe2 Nb8 31. Bd3 a5 32. Nd7 Qb7 33.
Nxf8 Rxf8 34. Bxh7+ Kh8 35. Ng5 g6 36. Qg4 Kg7 37. Bxg6 fxg6 38. Nxe6+ Kf7
39. f5 Bxe5 40. Qxg6+ Ke7 41. Bh4+ Kd7 42. Nxf8+ 1-0